header

Australian migrant ships 1946 - 1977 (Record no. 98277)

MARC details
000 -LEADER
fixed length control field 01337nam a2200337Ia 4500
100 1# - MAIN ENTRY--AUTHOR NAME
Personal name Plowman, Peter.
245 10 - TITLE STATEMENT
Title Australian migrant ships 1946 - 1977
260 ## - PUBLICATION, DISTRIBUTION, ETC. (IMPRINT)
Place of publication Dural, N.S.W :
Name of publisher Rosenberg Publishing,
Year of publication 2006.
300 ## - PHYSICAL DESCRIPTION
Number of Pages 144 p. :
Other physical details ill. (some col.)
500 ## - GENERAL NOTE
General note Includes index.
650 #0 - SUBJECT ADDED ENTRY--TOPICAL TERM
Topical Term Passenger ships
Topical Term Shipping
Topical Term Immigrants
856 40 - ELECTRONIC LOCATION AND ACCESS
Uniform Resource Identifier http://site.ebrary.com/lib/rucke/Doc?id=10601783

No items available.

© 2026 Rongo University
Contact us: librarian | system librarian | Rongo university